000 00743nam a2200241Ia 4500
003 OSt
005 20220923221704.0
006 a|||||r|||| 00| 0
007 ta
008 220922b |||||||| |||| 00| 0 hin d
024 _a199,314
037 _cTextual
040 _aARTS
_cARTS
_bhin
041 _2hin
_ahin
082 _aQ:1, 152N7
100 _aगौतम, रमेश
245 0 _aमिथकीय अवधारण और यथार्थ
246 _aMithakīya avadhāraṇ aur yathārtha
260 _aदिल्ली
_b राजधानी प्रका0 ृृ
_c1997
300 _a118पृ.
_ccm.
942 _hQ:1, 152N7
_cTEXL
_2CC
999 _c351089
_d351089